Đặc điểm truyện ngắn Nguyễn Thanh Luận văn Thạc sĩ. Chuyên ngành Văn học Việt Nam

Đề tài "Đặc điểm truyện ngắn Nguyễn Thanh" nhằm hướng đến các mục đích sau: Thứ nhất, chỉ ra những đặc điểm nổi bậc nhất về nội dung và nghệ thuật của truyền ngắn Nguyễn Tranh. Thứ hai, khẳng định tài năng về nghệ thuật v...

Disgrifiad llawn

Wedi'i Gadw mewn:
Manylion Llyfryddiaeth
Prif Awdur: Trần, Bé Ba
Fformat: Llyfr
Iaith:Undetermined
Cyhoeddwyd: Cần Thơ Trường Đại học Cần Thơ 2011
Pynciau:
Tagiau: Ychwanegu Tag
Dim Tagiau, Byddwch y cyntaf i dagio'r cofnod hwn!
Thư viện lưu trữ: Trung tâm Học liệu Trường Đại học Cần Thơ
LEADER 01559nam a2200241Ia 4500
001 CTU_171355
008 210402s9999 xx 000 0 und d
082 |a 895.9223009 
082 |b B100 
088 |a 60220121 
100 |a Trần, Bé Ba 
245 0 |a Đặc điểm truyện ngắn Nguyễn Thanh 
245 0 |b Luận văn Thạc sĩ. Chuyên ngành Văn học Việt Nam 
245 0 |c Trần Bé Ba ; Nguyễn Lâm Điền (Người hướng dẫn khoa học) 
260 |a Cần Thơ 
260 |b Trường Đại học Cần Thơ 
260 |c 2011 
520 |a Đề tài "Đặc điểm truyện ngắn Nguyễn Thanh" nhằm hướng đến các mục đích sau: Thứ nhất, chỉ ra những đặc điểm nổi bậc nhất về nội dung và nghệ thuật của truyền ngắn Nguyễn Tranh. Thứ hai, khẳng định tài năng về nghệ thuật viết truyện ngắn cũng như sự đóng góp của Nguyễn Thanh cho tiến trình truyện ngắn Việt Nam nói chung và truyện ngắn đồng bằng Sông Cửu Long sau 1975 nói riêng. 
650 |a Vietnamese literature,Văn học Việt Nam,Short stories, Vietnamese,Truyện ngắn Việt Nam 
650 |x History and criticism,Lịch sử và phê bình 
650 |y 20th century,Thế kỷ 20 
904 |i Cẩm Ý, Năm 
980 |a Trung tâm Học liệu Trường Đại học Cần Thơ